000 01048nmm a2200337 a 4500
003 AR-BaBNM
005 20251128205912.0
008 058019s1996 ||||||||||||||000 | spa||
020 _a950-9896-85-3
040 _cAR-BaBNM
100 1 _aAguilar, Marcela
245 1 0 _aPlanificar para el cambio
_buna herramienta para trabajar con los CBC en el aula. 1er ciclo
250 _a1ª ed.
260 _aBuenos Aires
_bEdiciones Docentes Argentinas
_c1996
300 _a79 p.
_bil.
500 _aContiene 8 láminas relativas a los temas tratados
650 4 _aPLANIFICACION
653 _aCONTENIDOS CONCEPTUALES
653 _aEDUCACION GENERAL BASICA
653 _aCONTENIDOS BASICOS COMUNES
653 _aMAPAS CONCEPTUALES
653 _aCONTENIDOS ACTITUDINALES
653 _aCONTENIDOS PROCEDIMENTALES
653 _aCONTENIDOS TRANSVERSALES
653 _aCONTENIDOS ACTITUDINALES
653 _aPROCESO DE ENSENANZA-APRENDIZAJE
700 1 _aSaccone, Mónica
700 1 _aPrieto, Cecilia
942 _cBK
998 _cCarmen
999 _c13213
_d13213